Statistics for Arsenal Biggest Transfers

Click here to take the quiz!

General Stats

  • This quiz has been taken 93 times
  • The average score is 121 of 237

Answer Stats

% Correct
IncomingsEnglandDMDeclan Rice23/24West Ham United
100%
IncomingsGabonSTPierre-Emerick Aubameyang17/18Borussia Dortmund
97%
IncomingsChileSTAlexis Sanchez14/15Barcelona
96%
OutgoingsChileSTAlexis Sanchez17/18Manchester United
96%
IncomingsBrazilSTGabriel Jesus22/23Manchester City
96%
IncomingsGermanyAMKai Havertz23/24Chelsea
96%
IncomingsFranceSTAlexandre Lacazette17/18Lyon
95%
IncomingsGermanyAMMesut Ozil13/14Real Madrid
95%
IncomingsEnglandRBBen White21/22Brighton & Hove Albion
94%
OutgoingsSwitzerlandDMGranit Xhaka23/24Bayer Leverkusen
94%
IncomingsSwitzerlandDMGranit Xhaka16/17Borussia Monchengladbach
94%
IncomingsNorwayAMMartin Odegaard20/21Real Madrid
94%
IncomingsNorwayAMMartin Odegaard21/22Real Madrid
94%
IncomingsUkraineLBOleksandr Zinchenko22/23Manchester City
94%
IncomingsFranceSTThierry Henry99/00Juventus
94%
OutgoingsFranceSTThierry Henry07/08Barcelona
94%
IncomingsEnglandGKAaron Ramsdale21/22Sheffield United
90%
IncomingsIvory CoastRWNicolas Pepe19/20Lille
90%
IncomingsGhanaDMThomas Partey20/21Atletico Madrid
90%
IncomingsBelgiumLWLeandro Trossard22/23Brighton & Hove Albion
88%
IncomingsFranceDMPatrick Vieira96/97Milan
87%
OutgoingsFranceDMPatrick Vieira05/06Juventus
87%
IncomingsFranceCBWilliam Saliba19/20Saint-Etienne
87%
OutgoingsBrazilCBGabriel Paulista17/18Valencia
86%
IncomingsBrazilCBGabriel Paulista14/15Villarreal
86%
IncomingsScotlandLBKieran Tierney19/20Celtic
86%
OutgoingsScotlandLBKieran Tierney23/24Real Sociedad
86%
IncomingsGermanyGKBernd Leno18/19Bayer Leverkusen
84%
OutgoingsGermanyGKBernd Leno22/23Fulham
84%
IncomingsBrazilCBGabriel Magalhaes20/21Lille
84%
IncomingsNetherlandsCBJurrien Timber23/24Ajax
84%
OutgoingsNetherlandsSTRobin van Persie12/13Manchester United
83%
IncomingsNetherlandsSTRobin van Persie04/05Feyenoord
83%
IncomingsTogoSTEmmanuel Adebayor05/06Monaco
81%
OutgoingsTogoSTEmmanuel Adebayor09/10Manchester City
81%
IncomingsPortugalAMFabio Vieira22/23Porto
81%
OutgoingsRussiaLWAndrey Arshavin11/12Zenit
79%
IncomingsRussiaLWAndrey Arshavin08/09Zenit
79%
OutgoingsFranceSTOlivier Giroud17/18Chelsea
79%
IncomingsFranceSTOlivier Giroud12/13Montpellier
79%
IncomingsGermanyCBShkodran Mustafi16/17Valencia
79%
IncomingsNetherlandsSSDennis Bergkamp95/96Inter Milan
78%
IncomingsUruguayDMLucas Torreira18/19Sampdoria
78%
OutgoingsUruguayDMLucas Torreira21/22Fiorentina
78%
OutgoingsUruguayDMLucas Torreira22/23Galatasaray
78%
IncomingsFranceAMSamir Nasri08/09Marseille
78%
OutgoingsFranceAMSamir Nasri11/12Manchester City
78%
OutgoingsEnglandRWTheo Walcott17/18Everton
78%
IncomingsEnglandRWTheo Walcott05/06Southampton
78%
OutgoingsSpainCMCesc Fabregas11/12Barcelona
77%
OutgoingsArmeniaCMHenrikh Mkhitaryan19/20Roma
77%
IncomingsArmeniaCMHenrikh Mkhitaryan17/18Manchester United
77%
IncomingsItalyDMJorginho22/23Chelsea
77%
IncomingsCzech RepublicGKPetr Cech15/16Chelsea
77%
IncomingsGreeceCBSokratis Papastathopoulos18/19Borussia Dortmund
77%
IncomingsBrazilLWGabriel Martinelli19/20Ituano
75%
IncomingsEnglandSTDanny Welbeck14/15Manchester United
74%
IncomingsFranceLMRobert Pires00/01Marseille
74%
IncomingsJapanRBTakehiro Tomiyasu21/22Bologna
74%
OutgoingsEnglandCMAlex Oxlade-Chamberlain17/18Liverpool
73%
IncomingsEnglandCMAlex Oxlade-Chamberlain11/12Southampton
73%
OutgoingsFranceLBGael Clichy11/12Manchester City
73%
IncomingsEgyptDMMohamed Elneny15/16Basel
73%
OutgoingsNigeriaAMAlex Iwobi19/20Everton
71%
IncomingsSpainCMSanti Cazorla12/13Malaga
71%
IncomingsCameroonDMAlex Song05/06Bastia
70%
OutgoingsCameroonDMAlex Song12/13Barcelona
70%
IncomingsFranceRBBacary Sagna07/08Auxerre
70%
IncomingsBrazilCBDavid Luiz19/20Chelsea
70%
OutgoingsArgentinaGKEmiliano Martinez20/21Aston Villa
70%
OutgoingsIvory CoastCBKolo Toure09/10Manchester City
70%
OutgoingsFranceCBLaurent Koscielny19/20Bordeaux
70%
IncomingsFranceCBLaurent Koscielny10/11Lorient
70%
IncomingsGermanyCBPer Mertesacker11/12Werder Bremen
70%
IncomingsWalesCMAaron Ramsey08/09Cardiff City
69%
OutgoingsEnglandSTAndy Cole91/92Bristol City
69%
OutgoingsEnglandLBAshley Cole06/07Chelsea
69%
IncomingsIvory CoastLWGervinho11/12Lille
69%
OutgoingsIvory CoastLWGervinho12/14Roma
69%
IncomingsBelgiumCBThomas Vermaelen09/10Ajax
69%
OutgoingsBelgiumCBThomas Vermaelen14/15Barcelona
69%
IncomingsSpainGKDavid Raya23/24Brentford
66%
IncomingsPolandCBJakub Kiwior22/23Spezia
66%
IncomingsCosta RicaRWJoel Campbell11/12Saprissa
66%
OutgoingsCosta RicaRWJoel Campbell18/19Frosinone
66%
OutgoingsCosta RicaRWJoel Campbell14/15Villarreal
66%
OutgoingsEnglandSTKevin Campbell94/95Nottingham Forest
66%
IncomingsNetherlandsLWMarc Overmars97/98Ajax
66%
OutgoingsNetherlandsLWMarc Overmars00/01Barcelona
66%
IncomingsSpainCMMikel Arteta11/12Everton
66%
IncomingsSpainLBNacho Monreal12/13Malaga
66%
IncomingsCzech RepublicAMTomas Rosicky06/07Borussia Dortmund
66%
IncomingsColombiaGKDavid Ospina14/15Nice
65%
OutgoingsColombiaGKDavid Ospina19/20Napoli
65%
OutgoingsGermanySSLukas Podolski15/16Galatasaray
65%
IncomingsGermanySSLukas Podolski12/13Koln
65%
OutgoingsFranceSTNicolas Anelka99/00Real Madrid
64%
OutgoingsEnglandLBKieran Gibbs17/18West Bromwich Albion
62%
OutgoingsUnited StatesSTFolarin Balogun23/24Monaco
61%
OutgoingsSwedenRMFreddie Ljungberg07/08West Ham United
61%
IncomingsSwedenRMFreddie Ljungberg98/99Halmstads
61%
OutgoingsPolandGKWojciech Szczesny17/18Juventus
61%
IncomingsEnglandGKDavid Seaman90/91Queens Park Rangers
60%
OutgoingsEnglandCMJack Wilshere16/17Bournemouth
58%
OutgoingsFranceCMMatteo Guendouzi22/23Marseille
58%
IncomingsFranceCMMatteo Guendouzi18/19Lorient
58%
OutgoingsFranceCMMatteo Guendouzi20/21Hertha Berlin
58%
IncomingsUnited StatesGKMatt Turner22/23New England Revolution
58%
OutgoingsUnited StatesGKMatt Turner23/24Nottingham Forest
58%
IncomingsBelarusAMAleksandr Hleb05/06Stuttgart
57%
OutgoingsBelarusAMAleksandr Hleb08/09Barcelona
57%
OutgoingsFranceDMFrancis Coquelin17/18Valencia
57%
OutgoingsBrazilDMGilberto Silva08/09Panathinaikos
57%
IncomingsBrazilDMGilberto Silva02/03Atletico Mineiro
57%
IncomingsPolandGKLukasz Fabianski07/08Legia Warsaw
57%
IncomingsMexicoRWCarlos Vela05/06Guadalajara
56%
OutgoingsMexicoRWCarlos Vela12/13Real Sociedad
56%
IncomingsBrazilCMEdu Gaspar01/02Corinthians
56%
IncomingsEnglandSTIan Wright91/92Crystal Palace
56%
OutgoingsEnglandCMJoe Willock21/22Newcastle United
56%
OutgoingsPortugalLBNuno Tavares23/24Nottingham Forest
56%
IncomingsPortugalLBNuno Tavares21/22Benfica
56%
IncomingsEnglandGKRichard Wright01/02Ipswich Town
56%
OutgoingsEnglandGKRichard Wright02/03Everton
56%
IncomingsSpainCBPablo Mari20/21Flamengo
55%
OutgoingsSpainCBPablo Mari23/24Monza
55%
IncomingsEnglandCBRob Holding16/17Bolton Wanderers
55%
OutgoingsEnglandCBRob Holding23/24Crystal Palace
55%
IncomingsCroatiaSTDavor Suker99/00Real Madrid
53%
IncomingsFranceDMEmmanuel Petit97/98Monaco
53%
OutgoingsFranceDMEmmanuel Petit00/01Barcelona
53%
IncomingsGermanyGKJens Lehmann03/04Borussia Dortmund
53%
IncomingsSpainCBPabo Mari19/20Flamengo
53%
IncomingsSpainSTLucas Perez16/17Deportivo La Coruna
52%
OutgoingsSpainSTLucas Perez18/19West Ham United
52%
IncomingsFranceRBMathieu Debuchy14/15Newcastle United
52%
IncomingsBelgiumCMAlbert Sambi Lokonga21/22Anderlecht
51%
IncomingsGreeceCBKonstantinos Mavropanos17/18PAS Giannina
51%
OutgoingsGreeceCBKonstantinos Mavropanos22/23Stuttgart
51%
IncomingsSpainGKManuel Almunia04/05Celta Vigo
49%
IncomingsBrazilRWWellington Silva10/11Fluminense
49%
OutgoingsBrazilRWWellington Silva16/17Fluminense
49%
IncomingsSpainRWJose Antonio Reyes03/04Sevilla
48%
OutgoingsSpainRWJose Antonio Reyes07/08Atletico Madrid
48%
OutgoingsGermanyRWSerge Gnabry16/17Werder Bremen
48%
IncomingsEnglandRBCalum Chambers14/15Southampton
47%
IncomingsIvory CoastRBEmmanuel Eboue04/05Beveren
47%
OutgoingsIvory CoastRBEmmanuel Eboue11/12Galatasaray
47%
OutgoingsCroatiaSTEduardo da Silva10/11Shakhtar Donetsk
45%
IncomingsCroatiaSTEduardo da Silva07/08Dinamo Zagreb
45%
IncomingsFranceCMAbou Diaby05/06Auxerre
44%
IncomingsCameroonRBLauren00/01Mallorca
43%
IncomingsSouth KoreaSTPark Chu-young11/12Monaco
40%
IncomingsNetherlandsLBGiovanni van Bronckhorst01/02Rangers
39%
IncomingsBrazilRWMarquinhos22/23Sao Paulo
39%
IncomingsFranceSSSylvain Wiltord00/01Bordeaux
39%
IncomingsNigeriaSTNwankwo Kanu98/99Inter Milan
38%
OutgoingsMoroccoSTMarouane Chamakh13/14Crystal Palace
36%
IncomingsIcelandGKRunar Alex Runarsson20/21Dijon
36%
OutgoingsSwitzerlandCBPhilippe Senderos08/09Milan
35%
IncomingsSwitzerlandCBPhilippe Senderos03/04Servette
35%
OutgoingsSwitzerlandCBJohan Djourou14/15Hamburg
34%
IncomingsFranceCBSebastien Squillaci10/11Sevilla
32%
OutgoingsDenmarkSTNicklas Bendtner11/12Sunderland
31%
OutgoingsFranceDMLassana Diarra07/08Portsmouth
30%
IncomingsFranceDMLassana Diarra07/08Chelsea
30%
OutgoingsItalyGKVito Mannone13/14Sunderland
30%
IncomingsBrazilLBAndre Santos11/12Fenerbahce
26%
IncomingsBrazilDMDenilson06/07Sao Paulo
26%
IncomingsPolandDMKrystian Bielik14/15Legia Warsaw
25%
OutgoingsPolandDMKrystian Bielik19/20Derby County
25%
IncomingsEnglandCBMartin Keown92/93Everton
25%
IncomingsUnited StatesCBAuston Trusty21/22Colorado Rapids
23%
OutgoingsUnited StatesCBAuston Trusty23/24Sheffield United
23%
IncomingsEnglandRBCarl Jenkinson11/12Charlton Athletic
22%
OutgoingsEnglandRBCarl Jenkinson19/20Nottingham Forest
22%
OutgoingsEnglandSTFrancis Jeffers04/05Charlton Athletic
22%
IncomingsEnglandSTFrancis Jeffers00/01Everton
22%
OutgoingsEnglandRMPaul Merson97/98Middlesbrough
22%
IncomingsAustriaGKAlexander Manninger97/98Grazer
21%
OutgoingsAustriaGKAlexander Manninger02/03Espanyol
21%
OutgoingsEnglandSTChuba Akpom18/19PAOK
21%
IncomingsJapanSTTakuma Asano16/17Sanfrecce Hiroshima
21%
OutgoingsJapanSTTakuma Asano18/19Hannover
21%
OutgoingsJapanSTTakuma Asano19/20Partizan Belgrade
21%
OutgoingsSenegalLBArmand Traore11/12Queens Park Rangers
19%
IncomingsEnglandAMDavid Platt95/96Sampdoria
19%
IncomingsSpainAMDenis Suarez18/19Barcelona
19%
OutgoingsWalesSTJohn Hartson96/97West Ham United
19%
IncomingsWalesSTJohn Hartson94/95Luton Town
19%
OutgoingsSwedenCMSebastian Larsson06/07Birmingham City
19%
OutgoingsFranceSTJeremie Aliadiere07/08Middlesbrough
18%
OutgoingsTrinidad & TobagoRBJustin Hoyte08/09Middlesbrough
18%
IncomingsFranceDMGilles Grimandi97/98Monaco
17%
IncomingsFranceCBPascal Cygan02/03Lille
17%
OutgoingsFranceCBPascal Cygan06/07Villarreal
17%
OutgoingsBrazilLBSylvinho01/02Celta Vigo
17%
IncomingsSwedenAMAnders Limpar90/91Cremonese
16%
OutgoingsSwedenAMAnders Limpar93/94Everton
16%
OutgoingsSpainCBIgnasi Miquel14/15Norwich City
14%
IncomingsDenmarkCMJohn Jensen92/93Brondby
14%
OutgoingsEnglandRMDavid Bentley05/06Blackburn Rovers
13%
OutgoingsEnglandCMHenri Lansbury12/13Nottingham Forest
13%
IncomingsPortugalLMLuis Boa Morte97/98Sporting CP
13%
OutgoingsScotlandSTPaul Dickov96/97Manchester City
13%
IncomingsScotlandSTCharlie Nicholas83/84Celtic
12%
IncomingsLatviaCBIgors Stepanovs00/01Skonto
12%
OutgoingsEnglandAMJay Emmanuel-Thomas11/12Ipswich Town
12%
OutgoingsEnglandGKJohn Lukic90/91Leeds United
12%
IncomingsItalyGKEmiliano Viviano13/14Palermo
10%
OutgoingsEnglandCBMatthew Upson02/03Birmingham City
10%
IncomingsEnglandCBMatthew Upson97/98Luton Town
10%
IncomingsArgentinaRBNelson Vivas98/99Lugano
10%
OutgoingsArgentinaRBNelson Vivas01/02Inter Milan
10%
IncomingsUkraineRBOleg Luzhny99/00Dynamo Kyiv
10%
OutgoingsGhanaLWQuincy Owusu-Abeyie05/06Spartak Moscow
10%
OutgoingsGermanyCMThomas Eisfeld14/15Fulham
10%
OutgoingsGermanyRBMoritz Volz03/04Fulham
9%
IncomingsSwedenCMStefan Schwarz94/95Benfica
9%
OutgoingsSwedenCMStefan Schwarz95/96Fiorentina
9%
OutgoingsEnglandDMStephen Hughes00/01Everton
9%
OutgoingsEnglandAMDavid Rocastle92/93Leeds United
8%
OutgoingsIrelandSTFrank Stapleton81/82Manchester United
8%
IncomingsGuineaSTKaba Diawara98/99Bordeaux
8%
OutgoingsGuineaSTKaba Diawara99/00Marseille
8%
IncomingsEnglandLBKenny Sansom80/81Crystal Palace
8%
OutgoingsEnglandSTClive Allen80/81Crystal Palace
6%
IncomingsEnglandSTClive Allen80/81Queens Park Rangers
6%
OutgoingsEnglandCMFabrice Muamba07/08Birmingham City
6%
OutgoingsSwedenCMKristoffer Olsson14/15Midtjylland
6%
IncomingsLithuaniaSTTomas Danilevicius00/01Lausanne-Sport
6%
IncomingsEnglandSTChris Kiwomya94/95Ipswich Town
5%
IncomingsIrelandRWEddie McGoldrick93/94Crystal Palace
5%
IncomingsGermanyLBStefan Malz99/001860 Munich
5%
IncomingsEnglandCBAndy Linighan90/91Norwich City
4%
OutgoingsEnglandRBJason Crowe99/00Portsmouth
4%
IncomingsBrazilCBPedro Botelho07/08Figueirense
4%

Score Distribution

Percentile by Number Answered

Percent of People with Each Score

Your Score History

You have not taken this quiz